[Event "Pontoise op"]
[Site "Pontoise"]
[Date "2006.03.26"]
[Round "1"]
[White "Vachier Lagrave, Maxime"]
[Black "Woitzik, Jan"]
[Result "1-0"]
[WhiteElo "2542"]
[BlackElo "1600"]
[PlyCount "29"]
[EventDate "2006.03.25"]
[EventType "swiss (rapid)"]
[EventRounds "10"]
[EventCountry "FRA"]
[SourceTitle "EXT 2007"]
[Source "ChessBase"]
[SourceDate "2006.11.23"]
[SourceVersion "1"]
[SourceVersionDate "2006.11.23"]
[SourceQuality "1"]

1. e4 e5 2. Nf3 Nc6 3. Bb5 Nf6 4. 0-0 Bc5 5. Nxe5 Nxe5 6. d4 c6 7. dxe5 Nxe4 8. Bd3 Ng5 9. Nc3 0-0 10. Qh5 h6 11. h4 Ne6 12. Ne4 Be7 13. Bxh6 Bxh4 14. Nf6+ Bxf6 15. Bxg7 1-0